Sprites de Ganon/Ganondorf dans The Legend of Zelda - Statistiques

Statistiques générales
  • Ce quiz a été pris 66 fois
  • Le résultat moyen est 11 sur 15
Statistiques - réponses
Par images Réponse % Correct
Tears of the Kingdom
93%
Breath of the Wild
89%
Ocarina of Time
89%
Twilight Princess
89%
Twilight Princess
89%
The Wind Waker
88%
Ocarina of Time
86%
Tears of the Kingdom
84%
Echoes of Wisdom
79%
The Legend of Zelda
74%
A Link to the Past
68%
Oracle of Ages | Oracle of Seasons
60%
The Adventure of Link
51%
A Link Between Worlds
37%
Four Swords Adventures
33%
Aucun quiz correspondant
Distribution des résultats
% des personnes avec chaque résultat
Percentile par nombre de réponses
Votre historique - résultats
Vous n’avez pas pris ce quiz